Comunicat de la reunió constitutiva de l'AGIC, el 19 de novembre de 1981 : assistents a la reunió constitutiva i nova Junta Directiva : definició dels Gabinets d'Informació : estatuts de l'AGIC : ... assistents a la reunió constitutiva i nova Junta Directiva :
Descripción Física:
110 f. ; 29'7 cm
Colección:
Publicacions de l'AGIC ; 1
MARC
| LEADER | 00000nam a2200000Ia 4500 | ||
|---|---|---|---|
| 001 | 8888 | ||
| 003 | BGR | ||
| 005 | 20260324175251.0 | ||
| 008 | 160829s1982 xx 000 0 cat d | ||
| 080 | |a O-1-9 | ||
| 110 | 2 | |9 70408 |a Associació de Gabinets d'Informació de Catalunya | |
| 245 | |a Comunicat de la reunió constitutiva de l'AGIC, el 19 de novembre de 1981 : |b assistents a la reunió constitutiva i nova Junta Directiva : |b definició dels Gabinets d'Informació : |b estatuts de l'AGIC : |b ... | ||
| 260 | |a Barcelona : |b AGIC, |c 1982 | ||
| 300 | |a 110 f. ; |c 29'7 cm | ||
| 490 | |a Publicacions de l'AGIC ; 1 | ||
| 901 | |a Arxiu | ||
| 942 | |n 1 |2 udc |c MON | ||
| 952 | |0 0 |1 0 |4 0 |6 O19 |7 1 |9 42968 |a Arxiu |b Arxiu |d 2016-12-01 |l 0 |o O-1-9 |p 8888 |r 2016-12-01 00:00:00 |w 2016-12-01 |y ARXIU | ||
| 999 | |c 45511 |d 45511 | ||